Normal view
MARC view
- تأليف: وكيع، محمد بن خلف بن حيان؛ مراجعة: سعيد محمد اللحام
Entry Personal Name
001 - CONTROL NUMBER
- control field: 59146
003 - CONTROL NUMBER IDENTIFIER
- control field: JO-AjAnu
005 - DATE AND TIME OF LATEST TRANSACTION
- control field: 20230606083656.0
008 - FIXED-LENGTH DATA ELEMENTS
- fixed length control field: 230606|| aca||aabn | a|a d
040 ## - CATALOGING SOURCE
- Original cataloging agency: JO-AjAnu
- Transcribing agency: JO-AjAnu
100 ## - HEADING--PERSONAL NAME
- Personal name: تأليف: وكيع، محمد بن خلف بن حيان؛ مراجعة: سعيد محمد اللحام
670 ## - SOURCE DATA FOUND
- Source citation: Work cat.: (JO-AjAnu)30169: تأليف: وكيع، محمد بن خلف بن حيان؛ مراجعة: سعيد محمد اللحام, author, اخبار القضاة